000 00300nam a2200145Ia 4500
100 _aJanaki/ Ram D
942 _cBK
654 _aManagement
245 _aManagement of data
260 _bNarosa book
_aAckland
_c1998
082 _a5.74
_bRAM
300 _a314
546 _aENGLISH
999 _c34412
_d34412